व्हाय मेन डोन्ट लिसन अँण्ड विमेन रीड मॅप्स / (Record no. 57740)
[ view plain ]
| 000 -LEADER | |
|---|---|
| fixed length control field | 01373nam a22002537a 4500 |
| 005 - DATE AND TIME OF LATEST TRANSACTION | |
| control field | 20110913152830.0 |
| 008 - FIXED-LENGTH DATA ELEMENTS--GENERAL INFORMATION | |
| fixed length control field | 110913t xxu||||| |||| 00| 0 mar d |
| 010 ## - LCCN (DPL NO) | |
| LC control number | MAR-21450 |
| 020 ## - INTERNATIONAL STANDARD BOOK NUMBER | |
| Terms of availability | 120.00 |
| International Standard Book Number | 97881849803601 |
| 035 ## - SYSTEM CONTROL NUMBER | |
| System control number | MR-14108 |
| 037 ## - SOURCE OF ACQUISITION | |
| Source of stock number/acquisition | DBAD/PUB |
| 040 ## - CATALOGING SOURCE | |
| Original cataloging agency | DPL |
| Language of cataloging | MR |
| 082 ## - DEWEY DECIMAL CLASSIFICATION NUMBER | |
| Classification number | 155.33 |
| 100 ## - MAIN ENTRY--PERSONAL NAME | |
| 9 (RLIN) | 34729 |
| Personal name | पीस,बार्बरा |
| 245 ## - TITLE STATEMENT | |
| Title | व्हाय मेन डोन्ट लिसन अँण्ड विमेन रीड मॅप्स / |
| Statement of responsibility, etc | बार्बरा पीस तथा अँलन पीस ; शुभदा विद्धांस द्वारा अनुवादित |
| 246 ## - VARYING FORM OF TITLE | |
| Title proper/short title | Why Men Dont Listen and Women Cant Read Maps |
| Remainder of title | by Barbara Peace and Allan Peace |
| 260 ## - PUBLICATION, DISTRIBUTION, ETC. (IMPRINT) | |
| Place of publication, distribution, etc | पुणे |
| Name of publisher, distributor, etc | मेहता पब्लिशिग हाऊस |
| Date of publication, distribution, etc | 2001 |
| 270 ## - ADDRESS | |
| City | पुणे |
| Address | 1941,सदाशिव पेठ,माडीवाले कॉलनी |
| Postal code | 411030 |
| 300 ## - PHYSICAL DESCRIPTION | |
| Extent | बारा,121पृ. |
| Dimensions | 22सेमी(अजिल्द) |
| 700 ## - ADDED ENTRY--PERSONAL NAME | |
| Personal name | पीस,अँलन |
| 9 (RLIN) | 35554 |
| 700 ## - ADDED ENTRY--PERSONAL NAME | |
| Personal name | विद्धांस,शुभदा |
| 9 (RLIN) | 35555 |
| 942 ## - ADDED ENTRY ELEMENTS (KOHA) | |
| Source of classification or shelving scheme | Dewey Decimal Classification |
| Item type | Marathi Books |
| Call number suffix | पीसबा |
| Classification part | 155.33 |
| Withdrawn status | Lost status | Source of classification or shelving scheme | Damaged status | Not for loan | Collection code | Home library | Current library | Date acquired | Source of acquisition | Cost, normal purchase price | Total Checkouts | Full call number | Barcode | Date last seen | Copy number | Cost, replacement price | Koha item type |
|---|---|---|---|---|---|---|---|---|---|---|---|---|---|---|---|---|---|
| Dewey Decimal Classification | Not For Loan | Non-fiction | D.B.Act.Division | D.B.Act.Division | 17/10/2011 | DBAD / PUB | 120.00 | 155.33 पीसबा | MR-14108 | 17/10/2011 | 1 | 120.00 | Marathi Books |
